Travaux du Laboratoire de Physiologie de l'Université de Genève. (Record no. 146350)
[ view plain ]
| 000 -LEADER | |
|---|---|
| campo de control de longitud fija | 00429nam a2200157 i 4500 |
| 001 - NÚMERO DE CONTROL | |
| campo de control | 146350 |
| 003 - IDENTIFICADOR DE NÚMERO DE CONTROL | |
| campo de control | ES-MaACL |
| 005 - FECHA Y HORA DE LA ÚLTIMA TRANSACCIÓN | |
| campo de control | 20230906201513.0 |
| 007 - CAMPO FIJO DE DESCRIPCIÓN FÍSICA--INFORMACIÓN GENERAL | |
| campo de control de longitud fija | t| |
| 008 - DATOS DE LONGITUD FIJA--INFORMACIÓN GENERAL | |
| campo de control de longitud fija | 070907s1908 sz ||||1| fre d |
| 245 00 - MENCIÓN DEL TÍTULO | |
| Título | Travaux du Laboratoire de Physiologie de l'Université de Genève. |
| 260 ## - PUBLICACIÓN, DISTRIBUCIÓN, ETC. | |
| Lugar de publicación, distribución, etc. | Genève : |
| Nombre del editor, distribuidor, etc. | Georg & Ce., |
| Fecha de publicación, distribución, etc. | 1908. |
| 300 ## - DESCRIPCIÓN FÍSICA | |
| Extensión | V, 271 p. ; |
| Dimensiones | 25 cm. |
| 500 ## - NOTA GENERAL | |
| Nota general | Es el tom. VII. |
| 852 ## - LOCALIZACIÓN | |
| Ubicación | ES-MaACL |
| Número de control de estantería | F-12279 |
| Estatus retirado | Estado de pérdida | Estado de daño | No para préstamo | Biblioteca de origen | Biblioteca actual | Ubicación en estantería | Fecha de adquisición | Fuente de adquisición | Total de préstamos | Signatura topográfica completa | Código de barras | Visto por última vez | Precio de reemplazo | Tipo de ítem Koha |
|---|---|---|---|---|---|---|---|---|---|---|---|---|---|---|
| Biblioteca del Ateneo de Madrid | Biblioteca del Ateneo de Madrid | Sala Pecera Planta 2 | 17/01/2008 | F-12279 | 1152752 | 23/02/2023 | 23/02/2023 | Libro impreso |
